000 00650nam a2200229 i 4500
001 C2-0268258
003 PPAK
005 20180727235227.0
008 060808s1997 xx |||| ||||| | eng d
040 _aPPAK
_beng
_cPPAK
_erda
082 0 4 _a342.595
_223
090 0 0 _a342.595
_bMAL
_dKAR
245 0 0 _aFederal Constitution
_bIncorporating All Amendments Up to 1 March 1997
264 1 _bPercetakan Nasional Malaysia Berhad ,
_c1997
300 _a237 pages ;
_c25 cm
336 _2rdacontent
_atext
337 _2rdamedia
_aunmediated
338 _2rdacarrier
_avolume
650 1 0 _aConstitutions- Malaysia
700 _eauthor
942 _ddc
_cB
999 _c77087
_d77087